[Event "World Youth & Cadets Blitz Championships"]
[Site "Rhodes, Greece"]
[Date "2022.05.03"]
[Round "9.29"]
[White "Vihaan, Anupam Agrawal"]
[Black "Kovacs, Balazs"]
[Result "1-0"]
[TimeControl "5'/game & 2\"/move"]
[WhiteElo "1325"]
[BlackElo "1162"]

1. e4 {[%clk 00:05:03]} {[%emt 00:00:01]} e5 {[%clk 00:05:03]} {[%emt
00:00:01]} 2. Nf3 {[%clk 00:05:03]} {[%emt 00:00:01]} Nc6 {[%clk 00:05:04]}
{[%emt 00:00:01]} 3. Bc4 {[%clk 00:05:02]} {[%emt 00:00:03]} Bc5 {[%clk
00:05:03]} {[%emt 00:00:03]} 4. O-O {[%clk 00:05:02]} {[%emt 00:00:02]} Nf6
{[%clk 00:04:59]} {[%emt 00:00:07]} 5. d4 {[%clk 00:05:02]} {[%emt 00:00:01]}
exd4 {[%clk 00:04:52]} {[%emt 00:00:10]} 6. e5 {[%clk 00:05:02]} {[%emt
00:00:02]} d5 {[%clk 00:04:52]} 7. exf6 {[%clk 00:05:02]} {[%emt 00:00:02]}
dxc4 {[%clk 00:04:52]} {[%emt 00:00:02]} 8. Re1+ {[%clk 00:05:02]} {[%emt
00:00:01]} Be6 {[%clk 00:04:45]} {[%emt 00:00:10]} 9. fxg7 {[%clk 00:05:02]}
{[%emt 00:00:02]} Rg8 {[%clk 00:04:46]} {[%emt 00:00:01]} 10. Ng5 {[%clk
00:05:02]} {[%emt 00:00:01]} Rxg7 {[%clk 00:03:21]} {[%emt 00:01:32]} 11. Nxe6
{[%clk 00:04:59]} fxe6 {[%clk 00:03:21]} {[%emt 00:00:02]} 12. Qh5+ {[%clk
00:04:57]} {[%emt 00:00:05]} Rg6 {[%clk 00:03:15]} {[%emt 00:00:08]} 13. Qxc5
{[%clk 00:04:30]} {[%emt 00:00:29]} Qf6 {[%clk 00:02:52]} {[%emt 00:00:24]} 14.
Qh5 {[%clk 00:03:46]} {[%emt 00:00:47]} O-O-O {[%clk 00:02:41]} {[%emt
00:00:12]} 15. Nd2 {[%clk 00:03:42]} {[%emt 00:00:06]} Rdg8 {[%clk 00:01:46]}
{[%emt 00:00:57]} 16. g3 {[%clk 00:03:29]} {[%emt 00:00:15]} Rh6 {[%clk
00:01:27]} {[%emt 00:00:20]} 17. Ne4 {[%clk 00:02:50]} {[%emt 00:00:42]} Qf8
{[%clk 00:00:28]} {[%emt 00:01:00]} 18. Bxh6 {[%clk 00:02:47]} {[%emt
00:00:06]} Qe7 {[%clk 00:00:23]} {[%emt 00:00:05]} 19. Ng5 {[%clk 00:02:44]}
{[%emt 00:00:07]} Qc5 {[%clk 00:00:15]} {[%emt 00:00:11]} 20. Qf7 {[%clk
00:02:27]} {[%emt 00:00:18]} Rd8 {[%clk 00:00:14]} {[%emt 00:00:04]} 21. Nxe6
{[%clk 00:02:24]} {[%emt 00:00:05]} Qb6 {[%clk 00:00:09]} {[%emt 00:00:07]} 22.
Nxd8 {[%clk 00:02:22]} {[%emt 00:00:03]} Nxd8 {[%clk 00:00:09]} {[%emt
00:00:02]} 23. Re8 {[%clk 00:02:19]} {[%emt 00:00:05]} Qd6 {[%clk 00:00:09]}
{[%emt 00:00:02]} 24. Bg5 {[%clk 00:02:12]} {[%emt 00:00:09]} b6 {[%clk
00:00:10]} {[%emt 00:00:02]} 25. Rxd8+ {[%clk 00:02:09]} {[%emt 00:00:05]} Qxd8
{[%clk 00:00:10]} {[%emt 00:00:01]} 26. Bxd8 {[%clk 00:02:06]} {[%emt
00:00:05]} Kb7 {[%clk 00:00:11]} {[%emt 00:00:01]} 27. Qxc7+ {[%clk 00:02:05]}
{[%emt 00:00:03]} Ka6 {[%clk 00:00:12]} {[%emt 00:00:02]} 28. Qxh7 {[%clk
00:02:04]} {[%emt 00:00:02]} c3 {[%clk 00:00:13]} {[%emt 00:00:01]} 29. bxc3
{[%clk 00:02:01]} {[%emt 00:00:05]} dxc3 {[%clk 00:00:14]} {[%emt 00:00:02]} 30.
a4 {[%clk 00:02:01]} {[%emt 00:00:02]} Ka5 {[%clk 00:00:13]} {[%emt 00:00:02]}
31. Qxa7+ {[%clk 00:01:59]} {[%emt 00:00:04]} Kb4 {[%clk 00:00:13]} {[%emt
00:00:03]} 32. Qc7 {[%clk 00:01:56]} {[%emt 00:00:04]} b5 {[%clk 00:00:13]}
{[%emt 00:00:03]} 33. Be7# {[%clk 00:01:55]} {[%emt 00:00:02]} 1-0

[Event "World Youth & Cadets Blitz Championships"]
[Site "Rhodes, Greece"]
[Date "2022.05.03"]
[Round "9.30"]
[White "Zhauynbay, Alimzhan"]
[Black "Ashwath, Kaushik"]
[Result "0-1"]
[TimeControl "5'/game & 2\"/move"]
[WhiteElo "1155"]
[BlackElo "1038"]

1. e4 {[%clk 00:05:03]} c5 {[%clk 00:05:02]} {[%emt 00:00:03]} 2. Nf3 {[%clk
00:05:04]} {[%emt 00:00:01]} a6 {[%clk 00:05:02]} {[%emt 00:00:02]} 3. d4
{[%clk 00:05:05]} {[%emt 00:00:01]} cxd4 {[%clk 00:05:02]} {[%emt 00:00:02]} 4.
Nxd4 {[%clk 00:05:06]} {[%emt 00:00:01]} Nf6 {[%clk 00:05:01]} {[%emt
00:00:03]} 5. Nc3 {[%clk 00:05:06]} {[%emt 00:00:02]} e5 {[%clk 00:05:00]}
{[%emt 00:00:02]} 6. Nf3 {[%clk 00:05:06]} {[%emt 00:00:03]} Bb4 {[%clk
00:05:00]} {[%emt 00:00:02]} 7. Bd3 {[%clk 00:05:05]} {[%emt 00:00:03]} d5
{[%clk 00:05:00]} {[%emt 00:00:02]} 8. exd5 {[%clk 00:05:01]} {[%emt 00:00:05]}
e4 {[%clk 00:05:01]} {[%emt 00:00:02]} 9. Qe2 {[%clk 00:04:58]} {[%emt
00:00:04]} O-O {[%clk 00:04:56]} {[%emt 00:00:07]} 10. O-O {[%clk 00:04:38]}
{[%emt 00:00:23]} exd3 {[%clk 00:04:44]} {[%emt 00:00:14]} 11. Qxd3 {[%clk
00:04:38]} {[%emt 00:00:02]} Bxc3 {[%clk 00:04:43]} {[%emt 00:00:03]} 12. Qxc3
{[%clk 00:04:35]} {[%emt 00:00:06]} Qxd5 {[%clk 00:04:33]} {[%emt 00:00:10]} 13.
Bg5 {[%clk 00:04:33]} {[%emt 00:00:04]} Qf5 {[%clk 00:04:25]} {[%emt 00:00:11]}
14. Rfe1 {[%clk 00:04:19]} {[%emt 00:00:16]} Be6 {[%clk 00:04:14]} {[%emt
00:00:11]} 15. Re5 {[%clk 00:04:20]} {[%emt 00:00:04]} Qg4 {[%clk 00:04:01]}
{[%emt 00:00:14]} 16. Bxf6 {[%clk 00:04:01]} {[%emt 00:00:21]} gxf6 {[%clk
00:04:00]} {[%emt 00:00:03]} 17. Rc5 {[%clk 00:04:00]} {[%emt 00:00:02]} Nd7
{[%clk 00:03:53]} {[%emt 00:00:08]} 18. Rc7 {[%clk 00:03:50]} {[%emt 00:00:14]}
Bd5 {[%clk 00:03:30]} {[%emt 00:00:22]} 19. h3 {[%clk 00:03:41]} {[%emt
00:00:14]} Qf5 {[%clk 00:03:27]} {[%emt 00:00:05]} 20. Nh4 {[%clk 00:03:34]}
{[%emt 00:00:09]} Qe6 {[%clk 00:03:05]} {[%emt 00:00:22]} 21. Qg3+ {[%clk
00:03:09]} {[%emt 00:00:28]} Kh8 {[%clk 00:03:02]} {[%emt 00:00:05]} 22. Rc3
{[%clk 00:03:08]} {[%emt 00:00:04]} Qe5 {[%clk 00:02:55]} {[%emt 00:00:08]} 23.
Qd3 {[%clk 00:02:53]} {[%emt 00:00:17]} Qe4 {[%clk 00:02:35]} {[%emt 00:00:22]}
24. Qd2 {[%clk 00:02:33]} {[%emt 00:00:23]} Rg8 {[%clk 00:02:11]} {[%emt
00:00:23]} 25. f3 {[%clk 00:02:24]} {[%emt 00:00:13]} Qxh4 {[%clk 00:02:02]}
{[%emt 00:00:11]} 26. Qxd5 {[%clk 00:02:24]} {[%emt 00:00:02]} Ne5 {[%clk
00:02:00]} {[%emt 00:00:05]} 27. Kh1 {[%clk 00:02:07]} {[%emt 00:00:18]} Rad8
{[%emt 00:00:18]} 28. Qb3 {[%clk 00:01:53]} {[%emt 00:00:05]} Rd2 {[%clk
00:01:43]} {[%emt 00:00:12]} 29. Rg1 {[%clk 00:01:44]} {[%emt 00:00:12]} Rdxg2
{[%clk 00:01:36]} {[%emt 00:00:11]} 30. Rxg2 {[%clk 00:00:50]} {[%emt
00:00:56]} Qxh3+ {[%clk 00:01:29]} {[%emt 00:00:09]} 0-1

[Event "World Youth & Cadets Blitz Championships"]
[Site "Rhodes, Greece"]
[Date "2022.05.03"]
[Round "9.31"]
[White "Nurgali, Nazerke"]
[Black "Cassi, Elisa"]
[Result "1-0"]
[TimeControl "5'/game & 2\"/move"]
[WhiteElo "2016"]
[BlackElo "1528"]

1. d4 {[%clk 00:05:03]} d5 {[%clk 00:05:03]} {[%emt 00:00:02]} 2. Nf3 {[%clk
00:05:04]} {[%emt 00:00:01]} Nf6 {[%clk 00:05:04]} {[%emt 00:00:01]} 3. c4
{[%clk 00:05:04]} {[%emt 00:00:02]} e6 {[%clk 00:05:04]} {[%emt 00:00:02]} 4.
g3 {[%clk 00:05:03]} {[%emt 00:00:02]} Bb4+ {[%clk 00:05:03]} {[%emt 00:00:03]}
5. Bd2 {[%clk 00:05:04]} {[%emt 00:00:02]} Bd6 {[%clk 00:05:04]} {[%emt
00:00:01]} 6. Qc2 {[%clk 00:05:01]} {[%emt 00:00:05]} c6 {[%clk 00:05:02]}
{[%emt 00:00:04]} 7. Nc3 {[%clk 00:04:58]} {[%emt 00:00:05]} O-O {[%clk
00:04:59]} {[%emt 00:00:04]} 8. e4 {[%clk 00:04:42]} {[%emt 00:00:18]} dxe4
{[%clk 00:04:55]} {[%emt 00:00:06]} 9. Nxe4 {[%clk 00:04:42]} {[%emt 00:00:02]}
Be7 {[%clk 00:04:19]} {[%emt 00:00:38]} 10. Bg2 {[%clk 00:04:34]} {[%emt
00:00:11]} Nbd7 {[%clk 00:04:16]} {[%emt 00:00:05]} 11. O-O {[%clk 00:04:30]}
{[%emt 00:00:06]} Nxe4 {[%clk 00:04:09]} {[%emt 00:00:09]} 12. Qxe4 {[%clk
00:04:30]} {[%emt 00:00:01]} Nf6 {[%clk 00:04:09]} {[%emt 00:00:02]} 13. Qe2
{[%clk 00:04:29]} {[%emt 00:00:03]} Qc7 {[%clk 00:03:44]} {[%emt 00:00:28]} 14.
Bf4 {[%clk 00:04:12]} {[%emt 00:00:18]} Bd6 {[%clk 00:03:44]} {[%emt 00:00:03]}
15. Ne5 {[%clk 00:04:11]} {[%emt 00:00:03]} c5 {[%clk 00:03:16]} {[%emt
00:00:30]} 16. dxc5 {[%clk 00:03:56]} {[%emt 00:00:17]} Qxc5 {[%clk 00:03:10]}
{[%emt 00:00:08]} 17. Rfd1 {[%clk 00:03:42]} {[%emt 00:00:15]} Be7 {[%clk
00:02:04]} {[%emt 00:01:09]} 18. Rac1 {[%clk 00:03:37]} {[%emt 00:00:06]} Rd8
{[%clk 00:01:58]} {[%emt 00:00:09]} 19. a3 {[%clk 00:03:07]} {[%emt 00:00:32]}
Qb6 {[%clk 00:01:39]} {[%emt 00:00:21]} 20. b4 {[%clk 00:03:03]} {[%emt
00:00:06]} Bd7 {[%clk 00:01:13]} {[%emt 00:00:27]} 21. Nxd7 {[%clk 00:02:54]}
{[%emt 00:00:11]} Rxd7 {[%clk 00:01:02]} {[%emt 00:00:14]} 22. Rxd7 {[%clk
00:02:44]} {[%emt 00:00:11]} Nxd7 {[%clk 00:01:03]} {[%emt 00:00:02]} 23. c5
{[%clk 00:02:41]} {[%emt 00:00:05]} Qd8 {[%clk 00:00:50]} {[%emt 00:00:15]} 24.
Bxb7 {[%clk 00:02:40]} {[%emt 00:00:03]} Bf6 {[%clk 00:00:17]} {[%emt
00:00:35]} 25. Bxa8 {[%clk 00:02:16]} {[%emt 00:00:26]} Qxa8 {[%clk 00:00:17]}
{[%emt 00:00:01]} 26. c6 {[%clk 00:02:15]} {[%emt 00:00:04]} Nb6 {[%clk
00:00:15]} {[%emt 00:00:04]} 27. Be3 {[%clk 00:02:12]} {[%emt 00:00:05]} Nd5
{[%clk 00:00:13]} {[%emt 00:00:03]} 28. c7 {[%clk 00:02:01]} {[%emt 00:00:13]}
Qc8 {[%clk 00:00:07]} {[%emt 00:00:09]} 29. Qd3 {[%clk 00:01:50]} {[%emt
00:00:12]} g6 {[%clk 00:00:05]} {[%emt 00:00:05]} 30. Bxa7 {[%clk 00:01:46]}
{[%emt 00:00:05]} 1-0

[Event "World Youth & Cadets Blitz Championships"]
[Site "Rhodes, Greece"]
[Date "2022.05.03"]
[Round "9.32"]
[White "Czarnecka, Lidia"]
[Black "Katter, Katharina"]
[Result "1-0"]
[TimeControl "5'/game & 2\"/move"]
[WhiteElo "1956"]
[BlackElo "1843"]

1. e4 {[%clk 00:05:03]} {[%emt 00:00:01]} e5 {[%clk 00:05:03]} 2. Nf3 {[%clk
00:05:04]} {[%emt 00:00:01]} Nc6 {[%clk 00:05:05]} {[%emt 00:00:01]} 3. d4
{[%clk 00:05:06]} exd4 {[%clk 00:05:05]} {[%emt 00:00:01]} 4. Nxd4 {[%clk
00:05:07]} {[%emt 00:00:01]} Bc5 {[%clk 00:05:06]} {[%emt 00:00:02]} 5. Nb3
{[%clk 00:05:08]} Bb6 {[%clk 00:05:07]} {[%emt 00:00:01]} 6. Nc3 {[%clk
00:05:09]} {[%emt 00:00:01]} Nge7 {[%clk 00:05:07]} {[%emt 00:00:02]} 7. Bg5
{[%clk 00:04:53]} {[%emt 00:00:17]} h6 {[%clk 00:05:06]} {[%emt 00:00:03]} 8.
Bh4 {[%clk 00:04:53]} {[%emt 00:00:02]} O-O {[%clk 00:05:03]} {[%emt 00:00:05]}
9. Qe2 {[%clk 00:04:52]} {[%emt 00:00:03]} d6 {[%clk 00:04:56]} {[%emt
00:00:10]} 10. O-O-O {[%clk 00:04:51]} {[%emt 00:00:02]} f5 {[%clk 00:04:42]}
{[%emt 00:00:16]} 11. Qc4+ {[%clk 00:04:26]} {[%emt 00:00:28]} Kh8 {[%clk
00:04:39]} {[%emt 00:00:05]} 12. f3 {[%clk 00:04:22]} {[%emt 00:00:06]} Ne5
{[%clk 00:04:26]} {[%emt 00:00:14]} 13. Qe2 {[%clk 00:04:18]} {[%emt 00:00:06]}
fxe4 {[%clk 00:04:17]} {[%emt 00:00:11]} 14. Nxe4 {[%clk 00:04:17]} {[%emt
00:00:03]} Bf5 {[%clk 00:04:08]} {[%emt 00:00:11]} 15. Kb1 {[%clk 00:04:02]}
{[%emt 00:00:17]} a5 {[%clk 00:04:07]} {[%emt 00:00:04]} 16. Nd4 {[%clk
00:03:55]} {[%emt 00:00:09]} Qd7 {[%clk 00:03:42]} {[%emt 00:00:27]} 17. Bg3
{[%clk 00:03:38]} {[%emt 00:00:18]} N7c6 {[%clk 00:03:15]} {[%emt 00:00:28]} 18.
Nxf5 {[%clk 00:03:08]} {[%emt 00:00:33]} Qxf5 {[%clk 00:03:09]} {[%emt
00:00:08]} 19. Qb5 {[%clk 00:03:06]} {[%emt 00:00:04]} Nd4 {[%clk 00:02:56]}
{[%emt 00:00:15]} 20. Qa4 {[%clk 00:02:53]} {[%emt 00:00:15]} Nec6 {[%clk
00:02:19]} {[%emt 00:00:39]} 21. Bd3 {[%clk 00:02:48]} {[%emt 00:00:07]} Qd7
{[%clk 00:02:12]} {[%emt 00:00:09]} 22. c3 {[%clk 00:02:46]} {[%emt 00:00:04]}
Nf5 {[%clk 00:02:09]} {[%emt 00:00:06]} 23. Bf4 {[%clk 00:02:14]} {[%emt
00:00:33]} Rae8 {[%clk 00:01:53]} {[%emt 00:00:18]} 24. Bc1 {[%clk 00:02:10]}
{[%emt 00:00:06]} Ne3 {[%clk 00:01:49]} {[%emt 00:00:07]} 25. Rd2 {[%clk
00:02:07]} {[%emt 00:00:04]} d5 {[%clk 00:01:44]} {[%emt 00:00:08]} 26. Ng3
{[%clk 00:02:07]} {[%emt 00:00:02]} Qd6 {[%clk 00:01:29]} {[%emt 00:00:17]} 27.
Re2 {[%clk 00:02:02]} {[%emt 00:00:06]} Rf4 {[%clk 00:01:23]} {[%emt 00:00:09]}
28. Qb5 {[%clk 00:01:44]} {[%emt 00:00:19]} d4 {[%clk 00:00:28]} {[%emt
00:00:57]} 29. Ne4 {[%clk 00:01:26]} {[%emt 00:00:20]} Qd7 {[%clk 00:00:22]}
{[%emt 00:00:09]} 30. Bxe3 {[%clk 00:01:04]} {[%emt 00:00:24]} dxe3 {[%clk
00:00:22]} 31. Bc2 {[%clk 00:01:01]} {[%emt 00:00:06]} Re5 {[%clk 00:00:21]}
{[%emt 00:00:03]} 32. Qb3 {[%clk 00:00:59]} {[%emt 00:00:04]} Rf8 {[%clk
00:00:14]} {[%emt 00:00:08]} 33. Rd1 {[%clk 00:00:59]} {[%emt 00:00:03]} Qe7
{[%clk 00:00:15]} {[%emt 00:00:01]} 34. Ng3 {[%clk 00:00:33]} {[%emt 00:00:27]}
Ra8 {[%clk 00:00:15]} {[%emt 00:00:02]} 35. Be4 {[%clk 00:00:30]} {[%emt
00:00:05]} a4 {[%clk 00:00:15]} {[%emt 00:00:03]} 36. Qc2 {[%clk 00:00:31]} Na5
{[%clk 00:00:07]} {[%emt 00:00:10]} 37. Nf5 {[%clk 00:00:32]} Qf7 {[%clk
00:00:07]} {[%emt 00:00:02]} 38. Nxe3 {[%clk 00:00:32]} {[%emt 00:00:02]} Bxe3
{[%clk 00:00:07]} {[%emt 00:00:03]} 39. Rxe3 {[%clk 00:00:33]} Nc4 {[%clk
00:00:07]} {[%emt 00:00:02]} 40. Red3 {[%clk 00:00:34]} {[%emt 00:00:02]} a3
{[%clk 00:00:06]} {[%emt 00:00:03]} 41. Rd8+ {[%clk 00:00:35]} Rxd8 {[%clk
00:00:05]} {[%emt 00:00:03]} 42. Rxd8+ {[%clk 00:00:36]} {[%emt 00:00:02]} Re8
{[%clk 00:00:07]} 43. Rxe8+ {[%clk 00:00:22]} {[%emt 00:00:16]} Qxe8 {[%clk
00:00:08]} 44. b3 {[%clk 00:00:21]} {[%emt 00:00:04]} Nd6 {[%clk 00:00:09]} 45.
Qd3 {[%clk 00:00:18]} {[%emt 00:00:05]} Qh5 {[%clk 00:00:06]} {[%emt 00:00:05]}
46. h3 {[%clk 00:00:15]} {[%emt 00:00:05]} Qg5 {[%clk 00:00:07]} {[%emt
00:00:02]} 47. Qe2 {[%clk 00:00:13]} {[%emt 00:00:04]} Qf4 {[%clk 00:00:06]}
{[%emt 00:00:03]} 48. Kc2 {[%clk 00:00:13]} {[%emt 00:00:02]} c6 {[%clk
00:00:04]} {[%emt 00:00:03]} 49. Bd3 {[%clk 00:00:14]} {[%emt 00:00:01]} Qf6
{[%clk 00:00:04]} {[%emt 00:00:03]} 50. Qe3 {[%clk 00:00:12]} {[%emt 00:00:03]}
Kg8 {[%clk 00:00:04]} {[%emt 00:00:02]} 51. Qc5 {[%clk 00:00:12]} {[%emt
00:00:03]} Qe7 {[%clk 00:00:04]} {[%emt 00:00:02]} 52. Qxa3 {[%clk 00:00:08]}
{[%emt 00:00:06]} Kf8 {[%clk 00:00:04]} {[%emt 00:00:01]} 53. Qa8+ {[%clk
00:00:10]} {[%emt 00:00:01]} Kf7 {[%clk 00:00:05]} 54. Qa7 {[%clk 00:00:11]}
Kg8 {[%clk 00:00:03]} {[%emt 00:00:04]} 55. Qd4 {[%clk 00:00:11]} Kf7 {[%clk
00:00:04]} {[%emt 00:00:01]} 56. Qf4+ {[%clk 00:00:12]} {[%emt 00:00:02]} Ke8
{[%clk 00:00:05]} 57. Bg6+ {[%clk 00:00:12]} {[%emt 00:00:01]} Kd7 {[%clk
00:00:06]} 58. Qd2 {[%clk 00:00:11]} {[%emt 00:00:03]} Kc7 {[%clk 00:00:07]}
{[%emt 00:00:01]} 59. Bd3 {[%clk 00:00:12]} {[%emt 00:00:01]} Qe5 {[%clk
00:00:08]} {[%emt 00:00:01]} 60. Qe2 {[%clk 00:00:13]} Qg5 {[%clk 00:00:08]}
{[%emt 00:00:02]} 61. Qf2 {[%clk 00:00:13]} {[%emt 00:00:02]} Qe5 {[%clk
00:00:09]} {[%emt 00:00:01]} 62. f4 {[%clk 00:00:14]} {[%emt 00:00:02]} Qe6
{[%clk 00:00:10]} {[%emt 00:00:01]} 63. g4 {[%clk 00:00:14]} {[%emt 00:00:02]}
Qd5 {[%clk 00:00:10]} {[%emt 00:00:02]} 64. Qe2 {[%clk 00:00:13]} {[%emt
00:00:02]} Qf7 {[%clk 00:00:09]} {[%emt 00:00:03]} 65. f5 {[%clk 00:00:13]}
{[%emt 00:00:02]} Kb8 {[%clk 00:00:08]} {[%emt 00:00:03]} 66. Qe5 {[%clk
00:00:14]} {[%emt 00:00:02]} Qc7 {[%clk 00:00:07]} {[%emt 00:00:02]} 67. c4
{[%clk 00:00:14]} {[%emt 00:00:02]} Ka7 {[%clk 00:00:04]} {[%emt 00:00:05]} 68.
a4 {[%clk 00:00:11]} {[%emt 00:00:06]} b6 {[%clk 00:00:03]} {[%emt 00:00:03]}
69. c5 {[%clk 00:00:08]} {[%emt 00:00:05]} bxc5 {[%clk 00:00:00]} {[%emt
00:00:02]} 70. Qxc5+ Kb7 {[%clk 00:00:00]} 71. a5 {[%clk 00:00:08]} {[%emt
00:00:02]} Qe7 {[%emt 00:00:02]} 72. a6+ Kc7 {[%clk 00:00:00]} {[%emt
00:00:03]} 1-0

[Event "World Youth & Cadets Blitz Championships"]
[Site "Rhodes, Greece"]
[Date "2022.05.03"]
[Round "9.33"]
[White "Omonova, Umida"]
[Black "Katter, Marlene"]
[Result "1/2-1/2"]
[TimeControl "5'/game & 2\"/move"]
[WhiteElo "1817"]
[BlackElo "1657"]

1. e4 {[%clk 00:05:03]} e6 {[%clk 00:05:04]} {[%emt 00:00:01]} 2. d4 {[%clk
00:05:04]} {[%emt 00:00:01]} d5 {[%clk 00:05:05]} {[%emt 00:00:01]} 3. Nd2
{[%clk 00:05:05]} dxe4 {[%clk 00:05:06]} {[%emt 00:00:01]} 4. Nxe4 {[%clk
00:05:07]} Nd7 {[%clk 00:05:07]} {[%emt 00:00:01]} 5. Nf3 {[%clk 00:05:07]}
Ngf6 {[%clk 00:05:08]} {[%emt 00:00:01]} 6. Bd3 {[%clk 00:05:09]} {[%emt
00:00:01]} Nxe4 {[%clk 00:05:08]} {[%emt 00:00:02]} 7. Bxe4 {[%clk 00:05:10]}
Nf6 {[%clk 00:05:09]} 8. Bd3 {[%clk 00:05:11]} c5 {[%clk 00:05:10]} {[%emt
00:00:01]} 9. O-O {[%clk 00:04:57]} {[%emt 00:00:16]} Be7 {[%clk 00:05:07]}
{[%emt 00:00:05]} 10. dxc5 {[%clk 00:04:57]} {[%emt 00:00:02]} Bxc5 {[%clk
00:05:08]} {[%emt 00:00:02]} 11. Bb5+ {[%clk 00:04:55]} {[%emt 00:00:03]} Bd7
{[%clk 00:05:09]} {[%emt 00:00:01]} 12. Qe2 {[%clk 00:04:56]} O-O {[%emt
00:00:18]} 13. Bg5 Bxb5 {[%clk 00:04:28]} {[%emt 00:00:28]} 14. Qxb5 {[%clk
00:04:58]} {[%emt 00:00:02]} Bb6 {[%emt 00:00:03]} 15. a4 {[%clk 00:04:42]}
{[%emt 00:00:16]} Qe7 {[%clk 00:03:51]} {[%emt 00:00:38]} 16. a5 {[%clk
00:04:40]} {[%emt 00:00:05]} Bc5 {[%clk 00:03:51]} {[%emt 00:00:02]} 17. Bxf6
{[%clk 00:04:40]} {[%emt 00:00:02]} gxf6 {[%clk 00:03:52]} {[%emt 00:00:01]} 18.
Ra4 {[%emt 00:00:25]} f5 {[%emt 00:00:10]} 19. Re1 {[%clk 00:04:20]} {[%emt
00:00:11]} Rac8 {[%clk 00:03:17]} {[%emt 00:00:17]} 20. Rh4 {[%clk 00:04:06]}
{[%emt 00:00:15]} Qf6 {[%clk 00:03:07]} {[%emt 00:00:13]} 21. Qxb7 {[%clk
00:04:03]} {[%emt 00:00:05]} Rb8 {[%clk 00:02:53]} {[%emt 00:00:15]} 22. Qc6
{[%clk 00:03:50]} {[%emt 00:00:16]} Rfc8 {[%clk 00:02:52]} {[%emt 00:00:03]} 23.
Qa6 {[%clk 00:03:51]} {[%emt 00:00:02]} Qxb2 {[%clk 00:02:46]} {[%emt
00:00:08]} 24. Qd3 {[%clk 00:03:16]} {[%emt 00:00:37]} Qf6 {[%clk 00:02:37]}
{[%emt 00:00:11]} 25. Qd2 {[%clk 00:03:07]} {[%emt 00:00:10]} Bf8 {[%clk
00:02:20]} {[%emt 00:00:19]} 26. Qd3 {[%clk 00:02:48]} {[%emt 00:00:21]} Rc3
{[%clk 00:02:11]} {[%emt 00:00:10]} 27. Qd4 {[%clk 00:02:23]} {[%emt 00:00:28]}
Qxd4 {[%clk 00:02:06]} {[%emt 00:00:07]} 28. Nxd4 {[%emt 00:00:02]} Bg7 {[%clk
00:02:01]} {[%emt 00:00:06]} 29. Rd1 {[%clk 00:02:09]} {[%emt 00:00:17]} Bxd4
{[%clk 00:01:59]} {[%emt 00:00:04]} 30. Rhxd4 {[%clk 00:02:10]} Rxc2 {[%clk
00:01:58]} {[%emt 00:00:03]} 31. Rd7 {[%clk 00:02:11]} Rbb2 {[%clk 00:01:45]}
{[%emt 00:00:15]} 32. Rf1 {[%clk 00:02:11]} {[%emt 00:00:02]} Rc5 {[%clk
00:01:28]} {[%emt 00:00:19]} 33. Rxa7 {[%clk 00:02:06]} {[%emt 00:00:08]} Ra2
{[%clk 00:01:27]} {[%emt 00:00:03]} 34. a6 {[%clk 00:01:53]} {[%emt 00:00:14]}
Rc6 {[%clk 00:01:27]} {[%emt 00:00:02]} 1/2-1/2

[Event "World Youth & Cadets Blitz Championships"]
[Site "Rhodes, Greece"]
[Date "2022.05.03"]
[Round "9.34"]
[White "Starosta, Martyna"]
[Black "Sala, Giulia"]
[Result "1-0"]
[TimeControl "5'/game & 2\"/move"]
[WhiteElo "1707"]
[BlackElo "1648"]

1. e4 {[%clk 00:05:03]} e5 {[%clk 00:05:04]} {[%emt 00:00:01]} 2. Nf3 {[%clk
00:05:05]} {[%emt 00:00:01]} Nc6 {[%clk 00:05:05]} {[%emt 00:00:01]} 3. Bb5
{[%clk 00:05:06]} f5 {[%clk 00:05:06]} {[%emt 00:00:01]} 4. Nc3 {[%clk
00:05:05]} {[%emt 00:00:03]} fxe4 {[%clk 00:05:05]} {[%emt 00:00:03]} 5. Nxe4
{[%clk 00:05:06]} {[%emt 00:00:01]} Nf6 {[%clk 00:05:07]} 6. d3 {[%clk
00:04:51]} {[%emt 00:00:18]} d6 {[%clk 00:04:48]} {[%emt 00:00:20]} 7. O-O
{[%clk 00:04:49]} {[%emt 00:00:04]} Be7 {[%clk 00:04:47]} {[%emt 00:00:03]} 8.
Nxf6+ {[%clk 00:04:13]} {[%emt 00:00:38]} Bxf6 {[%clk 00:04:47]} {[%emt
00:00:02]} 9. d4 {[%clk 00:04:06]} {[%emt 00:00:09]} e4 {[%clk 00:04:13]}
{[%emt 00:00:36]} 10. d5 {[%clk 00:03:57]} {[%emt 00:00:11]} exf3 {[%clk
00:03:31]} {[%emt 00:00:44]} 11. dxc6 {[%clk 00:03:50]} {[%emt 00:00:09]} Kf8
{[%clk 00:02:36]} {[%emt 00:00:57]} 12. Qxf3 {[%clk 00:03:45]} {[%emt
00:00:07]} bxc6 {[%clk 00:02:32]} {[%emt 00:00:06]} 13. Bxc6 {[%clk 00:03:38]}
{[%emt 00:00:09]} Rb8 {[%clk 00:02:33]} 14. Re1 {[%clk 00:03:34]} {[%emt
00:00:06]} Bd7 {[%clk 00:02:23]} {[%emt 00:00:12]} 15. Bd5 {[%clk 00:03:14]}
{[%emt 00:00:22]} Qc8 {[%clk 00:02:03]} {[%emt 00:00:22]} 16. Qxf6+ {[%clk
00:02:47]} {[%emt 00:00:28]} gxf6 {[%clk 00:01:29]} {[%emt 00:00:37]} 17. Bh6#
{[%clk 00:02:47]} {[%emt 00:00:01]} 1-0